000 00687nam a2200229Ia 4500
003 OSt
005 20221005121956.0
006 a|||||r|||| 00| 0
007 ta
008 221004b |||||||| |||| 00| 0 eng d
024 _a59797
037 _cTextual
040 _aCRL
_cCRL
_beng
041 _2eng
_aeng
082 _aV2:2501:N1, E7
100 _aNatesan G A
_9295165
245 0 _aIndian Demands
_b A symposium on the memorandum of the nineteen and speeches at the congress ' Muslem League on the scheme of self-government for India.
260 _c1917
650 _aHISTORY
942 _hV2:2501:N1, E7
_cTEXL
_2cc
999 _c1042874
_d1042874